| 000 | 00417cam a2200169ua 4500 | ||
|---|---|---|---|
| 020 | _c6.25 | ||
| 041 |
_ahin _h |
||
| 082 |
_a891.43 _bRAM/JA |
||
| 100 | _aRamachandra, Shukla . | ||
| 245 |
_aJayasi Gandavali / _cRamachandrashukla. _hTextual Documents |
||
| 260 |
_aKashi : _bNagari pracharini sabha , _c1962. |
||
| 300 | _a361 ; . | ||
| 365 | _a6.25 | ||
| 504 | _a | ||
| 942 | _cBK | ||
| 999 |
_c12254 _d12254 |
||